Understanding child abuse and neglect / (Record no. 29378)
[ view plain ]
| 000 -LEADER | |
|---|---|
| fixed length control field | 01682nam a2200241 4500 |
| 001 - CONTROL NUMBER | |
| control field | vtls002803160 |
| 003 - CONTROL NUMBER IDENTIFIER | |
| control field | MY-SjTCS |
| 005 - DATE AND TIME OF LATEST TRANSACTION | |
| control field | 20200306154511.0 |
| 008 - FIXED-LENGTH DATA ELEMENTS--GENERAL INFORMATION | |
| fixed length control field | 110218 00 eng |
| 020 ## - INTERNATIONAL STANDARD BOOK NUMBER | |
| International Standard Book Number | 0205337953 (pbk.) |
| 039 #9 - LEVEL OF BIBLIOGRAPHIC CONTROL AND CODING DETAIL [OBSOLETE] | |
| Level of rules in bibliographic description | 201102181313 |
| Level of effort used to assign nonsubject heading access points | VLOAD |
| -- | 200407271955 |
| -- | VLOAD |
| 082 04 - DEWEY DECIMAL CLASSIFICATION NUMBER | |
| Classification number | 362.70973 |
| Item number | TOW |
| 100 1# - MAIN ENTRY--PERSONAL NAME | |
| Personal name | Tower, Cynthia Crosson. |
| 9 (RLIN) | 2036 |
| 245 10 - TITLE STATEMENT | |
| Title | Understanding child abuse and neglect / |
| Statement of responsibility, etc. | Cynthia Crosson-Tower |
| 250 ## - EDITION STATEMENT | |
| Edition statement | 5th ed. |
| 260 ## - PUBLICATION, DISTRIBUTION, ETC. | |
| Place of publication, distribution, etc. | Boston, Mass. : |
| Name of publisher, distributor, etc. | Allyn and Bacon, |
| Date of publication, distribution, etc. | c2002 |
| 300 ## - PHYSICAL DESCRIPTION | |
| Extent | xv, 446 p. : |
| Other physical details | ill. ; |
| Dimensions | 24 cm. |
| 505 0# - FORMATTED CONTENTS NOTE | |
| Formatted contents note | Preface. - 1. The Maltreatment of Children from a Historical Perspective. - 2. The Family: Roles, Responsibilities, and Rights. - 3. Maltreatment and the Developing Child. - 4. The Neglect of Children. - 5. The Physical Abuse of Children. - 6. The Sexual Abuse of Children. - 7. Incest: Familial Abuse. - 8. Extrafamilial Sexual Abuse, Misuse, and Exploitation. - 9. The Emotional and Psychological Maltreatment of Children. - 10. Intervention: Reporting and Investigation. - 11. Intervention: Case Management and Roles of Other Professionals. - 12. The Legal Response to Child Abuse and Neglect. - 13. Treatment: Physical Abuse and Neglect. - 14. Treatment: Sexual Abuse. - 15. Foster Care as a Therapeutic Tool. - 16. The Social Worker and the System. - 17. Adults Abused as Children. - 18. Prevention. - 19. Toward a Better Tomorrow. - Index. |
| 650 #0 - SUBJECT ADDED ENTRY--TOPICAL TERM | |
| Topical term or geographic name entry element | Abused children |
| General subdivision | Services for |
| Geographic subdivision | United States. |
| 9 (RLIN) | 16612 |
| 650 #0 - SUBJECT ADDED ENTRY--TOPICAL TERM | |
| Topical term or geographic name entry element | Child abuse |
| Geographic subdivision | United States. |
| 9 (RLIN) | 212676 |
| 650 #0 - SUBJECT ADDED ENTRY--TOPICAL TERM | |
| Topical term or geographic name entry element | Social work with children |
| Geographic subdivision | United States. |
| 9 (RLIN) | 210489 |
| 920 ## - Programme | |
| Programme | GEN : 104270, 104304 |
| Withdrawn status | Lost status | Source of classification or shelving scheme | Damaged status | Not for loan | Collection code | Home library | Current library | Date acquired | Inventory number | Total Checkouts | Barcode | Date last seen | Date last checked out | Copy number | Koha item type | Public note |
|---|---|---|---|---|---|---|---|---|---|---|---|---|---|---|---|---|
| Withdrawn | Dewey Decimal Classification | Please fill up online form at https://taylorslibrary.taylors.edu.my/services/external_storage1 | TC External Storage | TC External Storage | 11/03/2009 | 700000020 | 63 | 5000057672 | 05/12/2019 | 10/04/2015 | 1 | Main Collection | GENxx,GENxx,02,GR | |||
| Withdrawn | Dewey Decimal Classification | Please fill up online form at https://taylorslibrary.taylors.edu.my/services/external_storage1 | TC External Storage | TC External Storage | 13/03/2009 | 700000020 | 55 | 5000053616 | 05/12/2019 | 10/04/2015 | 1 | Main Collection | GENxx,GENxx,02,GR |